Karmen : opera v 4-ch dejstvijach /

Hlavní autor: Meilhac, Henri, 1831-1897
Další autoři: Bizet, Georges, 1838-1875
Jazyk: Ruština
Vydáno: Moskva : Muzgiz, 1953
Fyzický popis: 99 s.
Knihy
Uloženo v:
LEADER 00792nam a22002292a 4500
001 000976764
003 CZ BrMZK
005 20100507091647.0
007 ta
008 091110s1953 ru er|||||||||||rus d
040 |a BOA001  |b cze 
100 1 |a Meilhac, Henri,  |d 1831-1897  |7 jn19990005575  |4 aut 
245 1 0 |a Karmen :  |b opera v 4-ch dejstvijach /  |c libretto Henri Meilhac ; muzyka Žorža Bize 
260 |a Moskva :  |b Muzgiz,  |c 1953 
300 |a 99 s. 
700 1 |a Bizet, Georges,  |d 1838-1875  |7 jn19990000822  |4 cmp 
910 |a BOA001  |b 1-0319.046 
990 |a BK 
993 |a Y 
991 |b 200911 
996 7 |b 2619388731  |c 1-0319.046  |l MZK  |r Sklad / do 1 hodiny  |n 0  |w 000976764  |u 000020  |a 1  |e BOA001  |j MZK50  |s A 
996 7 |b 2619388732  |c 1-0319.046  |l MZK  |r Sklad / do 1 hodiny  |n 0  |w 000976764  |u 000010  |a 1  |e BOA001  |j MZK50  |s A